Governorates of Egypt (With Map) - Statistics

General Stats
  • This quiz has been taken 8,667 times
  • The average score is 15 of 27
Answers on the Map
Answers color-coded by a green-red scale on the quiz's map according to % correct below.
 
Answer Stats
Governorates % Correct
Cairo
95%
Alexandria
93%
Giza
79%
Luxor
79%
North Sinai
77%
South Sinai
77%
Aswan
76%
Suez
73%
Red Sea
72%
Port Said
68%
New Valley
57%
Qena
48%
Asyut
47%
Matrouh
47%
Ismailia
46%
Damietta
45%
Faiyum
45%
Sohag
41%
Beni Suef
40%
Minya
38%
Al Sharqia
37%
Gharbia
36%
Beheira
32%
Kafr el-Sheikh
32%
Dakahlia
30%
Monufia
30%
Qalyubia
28%
No matching quizzes found
Score Distribution
Percent of People with Each Score
Percentile by Number Answered
Your Score History
You have not taken this quiz